00730nac a22001931u 4500008004100000020001500041020001800056082001700074245007000091250001200161260005900173300004300232500002300275650004300298700003400341942002100375999001500396952012500411130121s1999 enk||||| |||| 00| 0 eng d a052166800X a9780521668002 a031222bCRY aThe Cambridge Paperback Encyclopedia /c edited by David Crystal. a3rd ed. aCambridge :b Cambridge University Press, 1999c 1999. aviii, 1071 p. :b ill., maps ;c 23 cm aPrevious ed.: 1995 aEncyclopedias and dictionaries.931944 931945aCrystal, David,d1941- cNBk031 CRY2ddc c3652d3652 00102ddc40708 aMAINbMAINcLOWd2007-05-06epurchaseg96.90l0o031 CAMp000030011r2025-07-15 00:00:00v121.13yNB